000 00411cam a22001217a 4500
008 180718b1978 xxu||||| |||| 00| 0 eng d
082 _aA81x54 In2/71/19/Pt2C/2
100 _aCensus of India 1971
245 _aTamil Nadu: social, cultural and fertility tables
260 _aDelhi
_bThe Controller of Publications
_c1978
300 _a323+p.
440 _aCensus of India 1971. Series-19, Tamil Nadu. Part II-C (ii)
999 _c485553
_d485553